[Event "Keres active"]
[Site "Toronto CAN"]
[Date "1993.11.??"]
[Round "?"]
[White "Day, Lawrence"]
[Black "Hartman, Brian"]
[Result "1/2-1/2"]
[WhiteElo "2476"]
[BlackElo "2520"]
[PlyCount "67"]
[GameId "2160767912261552"]
[EventDate "1993.11.??"]
[EventType "tourn (rapid)"]
[EventRounds "6"]
[EventCountry "CAN"]
[SourceTitle "CFC 1994.04"]

1. e4 c5 2. Nc3 Nc6 3. g3 g6 4. Bg2 Bg7 5. d3 e6 6. Be3 d6 7. Qd2 Qa5 8. Nf3 Nd4 9. O-O Ne7 10. Ne1 h5 11. f4 f5 12. Nf3 Nxf3+ 13. Bxf3 Bd7 14. d4 Nc6 15. dxc5 dxc5 16. e5 Bf8 17. h4 Be7 18. Rfd1 Rd8 19. Qf2 Qb4 20. Rab1 Nd4 21. Bg2 Bc6 22. Bxc6+ Nxc6 23. Rxd8+ Nxd8 24. a3 Qc4 25. Qd2 Nc6 26. b3 Qa6 27. a4 Kf7 28. Nb5 Rd8 29. Qf2 Qb6 30. c3 Rd3 31. Qe2 Rd7 32. Rd1 Qd8 33. Rxd7 Qxd7 34. Qd2 1/2-1/2

[Event "Keres active"]
[Site "Toronto CAN"]
[Date "1993.11.??"]
[Round "?"]
[White "Hartman, Brian"]
[Black "Mitrovic, Milan"]
[Result "1-0"]
[WhiteElo "2529"]
[BlackElo "2432"]
[PlyCount "55"]
[GameId "2160767912261554"]
[EventDate "1993.11.??"]
[EventType "tourn (rapid)"]
[EventRounds "6"]
[EventCountry "CAN"]
[SourceTitle "CFC 1994.04"]

1. e4 g6 2. d4 Bg7 3. Nf3 d6 4. Be2 Nf6 5. Nc3 O-O 6. O-O Nc6 7. Be3 Ng4 8. Bg5 h6 9. Bh4 g5 10. Bg3 e5 11. dxe5 Ngxe5 12. Qd2 Be6 13. Nxe5 dxe5 14. Rad1 Nd4 15. Bd3 c6 16. a3 Qa5 17. h4 Bf6 18. Nd5 Qd8 19. Nxf6+ Qxf6 20. hxg5 hxg5 21. Qa5 b5 22. Qc7 Rad8 23. Bxe5 Nf3+ 24. gxf3 Qxf3 25. Be2 Qxe2 26. Rxd8 Rxd8 27. Qxd8+ Kh7 28. Qxg5 1-0

[Event "Wentworth Active"]
[Site "Ancaster CAN"]
[Date "1993.??.??"]
[Round "?"]
[White "Hartman, Brian"]
[Black "Spraggett, Grant"]
[Result "1-0"]
[WhiteElo "2520"]
[BlackElo "2333"]
[PlyCount "71"]
[GameId "2160767912278306"]
[EventDate "1993.08.??"]
[EventType "rapid"]
[EventCountry "CAN"]
[SourceTitle "CFC 1993.12"]

1. e4 c6 2. d4 d5 3. Nc3 dxe4 4. Nxe4 Nf6 5. Nxf6+ gxf6 6. Nf3 Bf5 7. c3 Qc7 8. g3 Nd7 9. Bg2 O-O-O 10. O-O e5 11. Qa4 Kb8 12. Be3 Nb6 13. Qb3 Bd6 14. c4 Be6 15. Rac1 c5 16. d5 Bc8 17. Qc2 f5 18. b4 f6 19. Nd2 f4 20. Bxc5 Bxc5 21. bxc5 Qxc5 22. Nb3 Qe7 23. d6 Qf7 24. c5 Nd5 25. Rfd1 Nb4 26. Qd2 Nc6 27. Bxc6 bxc6 28. Na5 Qd7 29. Rb1+ Ka8 30. Qb4 Ba6 31. Qe4 Rc8 32. Rd2 fxg3 33. fxg3 f5 34. Qxe5 Rhe8 35. Qf4 Re4 36. Qf3 1-0

[Event "Fall op"]
[Site "Kitchener CAN"]
[Date "1993.??.??"]
[Round "?"]
[White "Hamilton, Robert"]
[Black "Hartman, Brian"]
[Result "1-0"]
[WhiteElo "2375"]
[BlackElo "2428"]
[PlyCount "139"]
[GameId "2160767912279315"]
[EventDate "1993.??.??"]
[EventType "swiss"]
[EventRounds "5"]
[EventCountry "CAN"]
[SourceTitle "CFC 1994.02"]

1. c4 e5 2. Nc3 Nf6 3. Nf3 Nc6 4. e3 Bb4 5. Nd5 Bd6 6. d4 O-O 7. Nxf6+ Qxf6 8. d5 Ne7 9. Bd3 c6 10. O-O cxd5 11. cxd5 Nxd5 12. Bxh7+ Kxh7 13. Qxd5 Kg8 14. e4 Bc7 15. Be3 Qe6 16. Qd3 b6 17. Rfd1 Bd8 18. a4 Re8 19. Nd2 Bb7 20. Nb1 Bc6 21. Nc3 Be7 22. Nd5 Rec8 23. f3 Rab8 24. f4 exf4 25. Bxf4 Bd6 26. Rf1 Bxf4 27. Rxf4 Bxd5 28. exd5 Qe5 29. Raf1 Rf8 30. Re4 Qxb2 31. Re7 Qb4 32. Rxd7 Qxa4 33. Rc7 Rbd8 34. d6 Rd7 35. Qd5 a5 36. g3 g6 37. Rf4 Qa1+ 38. Kg2 Rxc7 39. dxc7 Qb2+ 40. Kh3 Qc1 41. Rc4 Qf1+ 42. Kh4 b5 43. c8=Q bxc4 44. Qcxc4 Qf2 45. Qa2 Qf6+ 46. Qg5 Qh8+ 47. Kg4 Qd4+ 48. Kh3 Kg7 49. Qad2 Rh8+ 50. Kg2 Qe4+ 51. Kg1 Rh5 52. Qge3 Qb7 53. Qed4+ Kh7 54. Q2b2 Qxb2 55. Qxb2 Rf5 56. Qd4 Rb5 57. Kg2 Rf5 58. g4 Rb5 59. Kg3 Rb3+ 60. Kh4 Rf3 61. Qa1 f6 62. g5 fxg5+ 63. Kxg5 Rf5+ 64. Kg4 Kg8 65. Qa4 Kh7 66. h4 Kg7 67. Qd7+ Kh8 68. h5 Rxh5 69. Qf7 Rh1 70. Kg5 1-0

[Event "Hamilton m"]
[Site "Hamilton CAN"]
[Date "1993.??.??"]
[Round "1"]
[White "Hartman, Brian"]
[Black "Spraggett, Kevin"]
[Result "1/2-1/2"]
[WhiteElo "2390"]
[BlackElo "2555"]
[PlyCount "37"]
[GameId "2160767912279323"]
[EventDate "1993.??.??"]
[EventType "match"]
[EventRounds "4"]
[EventCountry "CAN"]
[SourceTitle "EXT 1997"]
[Source "ChessBase"]
[SourceDate "1996.11.15"]
[SourceVersion "1"]
[SourceVersionDate "1996.11.15"]
[SourceQuality "1"]

1. e4 c5 2. Nf3 d6 3. d4 cxd4 4. Nxd4 Nf6 5. Nc3 Nc6 6. Be3 e5 7. Nde2 Be7 8. g3 Ng4 9. Nd5 O-O 10. Nec3 f5 11. exf5 Bxf5 12. Bg2 Bg5 13. Bxg5 Qxg5 14. O-O Qg6 15. h3 Nf6 16. Ne3 Rad8 17. Nxf5 Qxf5 18. Nd5 e4 19. Nxf6+ 1/2-1/2

[Event "Hamilton m"]
[Site "Hamilton CAN"]
[Date "1993.??.??"]
[Round "2"]
[White "Spraggett, Kevin"]
[Black "Hartman, Brian"]
[Result "1-0"]
[WhiteElo "2589"]
[BlackElo "2428"]
[PlyCount "145"]
[GameId "2160767912279324"]
[EventDate "1993.??.??"]
[EventType "match"]
[EventRounds "4"]
[EventCountry "CAN"]
[SourceTitle "EXT 93"]

1. e4 e5 2. Bc4 Nf6 3. d3 Nc6 4. Nf3 Be7 5. O-O O-O 6. Bb3 d6 7. c3 Be6 8. Nbd2 Nd7 9. d4 exd4 10. cxd4 Bxb3 11. Qxb3 Bf6 12. d5 Nc5 13. Qc4 Ne5 14. Nxe5 Bxe5 15. Nf3 Bf6 16. Be3 Nd7 17. Rac1 Bxb2 18. Rb1 Ba3 19. Rxb7 Bc5 20. Rb3 Re8 21. Re1 h6 22. Bxc5 Nxc5 23. Rbe3 Qd7 24. Nd4 Qa4 25. Qxa4 Nxa4 26. Nc6 Nb6 27. g4 g6 28. Kg2 f5 29. f3 fxe4 30. fxe4 Kg7 31. h3 Nd7 32. Kg3 Kg8 33. h4 a6 34. g5 Ne5 35. Nd4 Nf7 36. Ne6 Re7 37. gxh6 Rb8 38. Rb3 Rxb3+ 39. axb3 c5 40. Ra1 Ra7 41. h5 Kh7 42. Nf8+ Kxh6 43. hxg6 Kg7 44. gxf7 Kxf8 45. Kg4 a5 46. Kf5 Kxf7 47. Ra2 Ra8 48. e5 Ke7 49. Rh2 Rf8+ 50. Ke4 dxe5 51. Kxe5 Rf7 52. Rh6 Rg7 53. Re6+ Kd7 54. Rd6+ Ke7 55. Rc6 Rg5+ 56. Ke4 Rg4+ 57. Ke5 Rg5+ 58. Ke4 Rg4+ 59. Kf5 Rb4 60. Ke5 Kd7 61. Rh6 Rxb3 62. Rh7+ Kc8 63. d6 Rd3 64. Ke6 c4 65. Rc7+ Kd8 66. Ra7 Kc8 67. d7+ Kb8 68. Rxa5 Kb7 69. Rb5+ Kc6 70. Rb8 c3 71. Rb3 Kc5 72. Rxc3+ Rxc3 73. d8=Q 1-0

[Event "Hamilton m"]
[Site "Hamilton CAN"]
[Date "1993.12.14"]
[Round "3"]
[White "Hartman, Brian"]
[Black "Spraggett, Kevin"]
[Result "1/2-1/2"]
[WhiteElo "2428"]
[BlackElo "2589"]
[PlyCount "80"]
[GameId "2160767912279325"]
[EventDate "1993.??.??"]
[EventType "match"]
[EventRounds "4"]
[EventCountry "CAN"]
[SourceTitle "EXT 93"]

1. e4 c5 2. Nf3 d6 3. d4 cxd4 4. Nxd4 Nf6 5. Nc3 Nc6 6. Bc4 e6 7. Be3 Be7 8. Qe2 a6 9. O-O-O Qc7 10. Rhg1 Na5 11. Bd3 b5 12. g4 b4 13. Na4 Nd7 14. Nb3 Qc6 15. Nac5 Nxc5 16. Nxa5 Qc7 17. Nc4 Bb7 18. Kb1 O-O 19. f3 d5 20. Nd2 a5 21. Bb5 Rfc8 22. exd5 Bxd5 23. Bd4 Bf8 24. Be5 Qb7 25. Bc4 a4 26. Bxd5 exd5 27. f4 Qc6 28. Nf3 Ne4 29. Nd4 Qb7 30. g5 a3 31. Qb5 Qa7 32. Qxd5 axb2 33. Nf5 g6 34. Nh6+ Bxh6 35. gxh6 Nd2+ 36. Rxd2 Qxg1+ 37. Rd1 Qf2 38. Rd2 Qf1+ 39. Kxb2 Qh3 40. Qb3 Qxh6 1/2-1/2

[Event "Hamilton m"]
[Site "Hamilton CAN"]
[Date "1993.12.15"]
[Round "4"]
[White "Spraggett, Kevin"]
[Black "Hartman, Brian"]
[Result "1-0"]
[WhiteElo "2589"]
[BlackElo "2428"]
[PlyCount "97"]
[GameId "2160767912279326"]
[EventDate "1993.??.??"]
[EventType "match"]
[EventRounds "4"]
[EventCountry "CAN"]

1. e4 c5 2. Nf3 d6 3. c3 Nf6 4. h3 Nbd7 5. d3 g6 6. Nbd2 Bg7 7. Be2 O-O 8. O-O Qc7 9. Re1 d5 10. Bf1 e5 11. exd5 Nxd5 12. Qb3 Ne7 13. Nc4 Nc6 14. Nfd2 Nf6 15. Ne4 b6 16. Ne3 Ne7 17. Nxf6+ Bxf6 18. Ng4 Bxg4 19. hxg4 Bg7 20. g5 Qd7 21. Qc4 Nf5 22. Bd2 Rac8 23. Rad1 Rfd8 24. Bc1 Qd5 25. g3 Qxc4 26. dxc4 Rd6 27. Bg2 Rcd8 28. Rxd6 Rxd6 29. Kf1 Kf8 30. g4 Ne7 31. Ke2 f5 32. gxf6 Bxf6 33. Rh1 Kg8 34. Be4 Bg7 35. Be3 Bf6 36. a3 a5 37. b4 axb4 38. axb4 cxb4 39. cxb4 Nc6 40. Bxb6 Nd4+ 41. Bxd4 Rxd4 42. Bd5+ Kg7 43. b5 Rxg4 44. b6 e4 45. b7 Be5 46. Rb1 Bb8 47. Ra1 Rf4 48. Ra8 Rf8 49. Rxb8 1-0

[Event "Labour Day op"]
[Site "Toronto CAN"]
[Date "1993.??.??"]
[Round "?"]
[White "Dzera, Victor"]
[Black "Hartman, Brian"]
[Result "0-1"]
[WhiteElo "2220"]
[BlackElo "2395"]
[PlyCount "52"]
[GameId "2160767912279374"]
[EventDate "1993.??.??"]
[EventRounds "6"]
[EventCountry "CAN"]
[SourceTitle "EXT 2004"]
[Source "ChessBase"]
[SourceDate "2003.11.25"]
[SourceVersion "1"]
[SourceVersionDate "2003.11.25"]
[SourceQuality "1"]

1. e4 c5 2. Nf3 d6 3. d4 cxd4 4. Qxd4 Nc6 5. Bb5 Bd7 6. Bxc6 Bxc6 7. c4 Nf6 8. Nc3 g6 9. O-O Bg7 10. Rd1 O-O 11. Qd3 Nd7 12. Nd4 Rc8 13. Bg5 Nc5 14. Qe3 a5 15. Ndb5 Bxb5 16. Nxb5 Qe8 17. Rab1 Ne6 18. b3 Nxg5 19. Qxg5 a4 20. Rd5 axb3 21. axb3 Rc6 22. Rbd1 Bf6 23. Qh6 Qa8 24. h4 Qa2 25. R1d3 Be5 26. Nd4 Qb1+ 0-1

[Event "Parliament Street Futurity"]
[Site "Toronto CAN"]
[Date "1993.??.??"]
[Round "?"]
[White "Bailey, Doug"]
[Black "Hartman, Brian"]
[Result "1/2-1/2"]
[WhiteElo "2323"]
[BlackElo "2428"]
[PlyCount "122"]
[GameId "2160767912325264"]
[EventDate "1993.??.??"]
[EventType "tourn"]
[EventRounds "8"]
[EventCountry "CAN"]
[SourceTitle "CFC 1994.02"]

1. e4 e5 2. Nf3 Nc6 3. Bb5 a6 4. Ba4 Nf6 5. O-O Be7 6. Re1 b5 7. Bb3 Bb7 8. d4 Nxd4 9. Nxd4 exd4 10. e5 Ne4 11. Qg4 c5 12. Qxg7 Rf8 13. Qxh7 c4 14. Rxe4 cxb3 15. Rxd4 Qc7 16. Bf4 Qc6 17. Qh3 Rg8 18. Bg3 O-O-O 19. Nc3 Bc5 20. Rf4 Be7 21. Rf3 Qg6 22. axb3 Bxf3 23. gxf3 Kb7 24. Ne4 d5 25. exd6 Bxd6 26. Qh4 f5 27. Nxd6+ Rxd6 28. Qe7+ Ka8 29. Qe5 Qf6 30. f4 Rgd8 31. Qxf6 Rxf6 32. Bh4 Rg6+ 33. Bg5 Kb7 34. h4 Rd4 35. Kh2 Rd2 36. h5 Re6 37. Kg2 Ree2 38. Rf1 Rxc2 39. h6 Rc7 40. Rh1 Rh7 41. Rh3 Rxb2 42. Re3 Rc2 43. Re7+ Rc7 44. Rxh7 Rxh7 45. Kg3 a5 46. Kh4 a4 47. bxa4 bxa4 48. Kh5 a3 49. Bf6 a2 50. Kg6 Rd7 51. Ba1 Rd6+ 52. Kg5 Rd1 53. Be5 a1=Q 54. Bxa1 Rxa1 55. Kxf5 Rh1 56. Kg6 Rg1+ 57. Kf7 Rh1 58. Kg7 Rg1+ 59. Kf7 Rh1 60. f5 Rxh6 61. f6 Rh4 1/2-1/2

[Event "Toronto op"]
[Site "Toronto CAN"]
[Date "1993.??.??"]
[Round "2"]
[White "Livshits, Ron"]
[Black "Hartman, Brian"]
[Result "1/2-1/2"]
[WhiteElo "2310"]
[BlackElo "2445"]
[PlyCount "52"]
[GameId "2160767912325542"]
[EventDate "1993.??.??"]
[EventType "swiss"]
[EventRounds "6"]
[EventCountry "CAN"]
[SourceTitle "CFC 1993.12"]

1. Nf3 d5 2. d4 c5 3. c4 e6 4. cxd5 exd5 5. g3 Nc6 6. Bg2 Nf6 7. O-O Be7 8. Nc3 O-O 9. dxc5 Bxc5 10. Bg5 d4 11. Bxf6 Qxf6 12. Nd5 Qd8 13. Nd2 Bg4 14. h3 Bxh3 15. Bxh3 Qxd5 16. Bg2 Qe6 17. Rc1 Bb6 18. Nc4 Rfd8 19. Qb3 d3 20. e3 Ne5 21. Nxe5 Qxe5 22. Rc3 d2 23. Rd1 Qh5 24. Qc2 Rab8 25. a3 Qe2 26. Bf1 Qh5 1/2-1/2

[Event "Toronto op"]
[Site "Toronto CAN"]
[Date "1992.??.??"]
[Round "6"]
[White "Hartman, Brian"]
[Black "Bailey, Doug"]
[Result "0-1"]
[WhiteElo "2360"]
[BlackElo "2355"]
[PlyCount "60"]
[GameId "2160767912375636"]
[EventDate "1992.04.17"]
[EventType "swiss"]
[EventRounds "6"]
[EventCountry "CAN"]
[SourceTitle "EXT 1998"]
[Source "ChessBase"]
[SourceDate "1997.11.17"]
[SourceVersion "1"]
[SourceVersionDate "1997.11.17"]
[SourceQuality "1"]

1. e4 c5 2. Nf3 d6 3. d4 cxd4 4. Nxd4 Nf6 5. Nc3 g6 6. Be3 Bg7 7. f3 O-O 8. Qd2 Nc6 9. Bc4 Nxd4 10. Bxd4 Be6 11. Bb3 Qd7 12. h4 a5 13. a4 Bxb3 14. cxb3 Qe6 15. h5 Qxb3 16. hxg6 fxg6 17. Nd5 Nxd5 18. Bxg7 Rf7 19. Rxh7 Qe3+ 20. Qxe3 Nxe3 21. Rh8+ Kxg7 22. Rxa8 Nc2+ 23. Kd2 Nxa1 24. Kc3 Rf8 25. Rxa5 Rc8+ 26. Kd3 Nc2 27. Ra7 Rc7 28. g3 Nb4+ 29. Ke3 Nc6 30. Ra8 Ne5 0-1

[Event "Labour Day op"]
[Site "Toronto CAN"]
[Date "1992.??.??"]
[Round "4"]
[White "Hartman, Brian"]
[Black "Bailey, Doug"]
[Result "0-1"]
[WhiteElo "2360"]
[BlackElo "2355"]
[PlyCount "102"]
[GameId "2160767912388323"]
[EventDate "1992.??.??"]
[EventType "swiss"]
[EventRounds "6"]
[EventCountry "CAN"]
[SourceTitle "EXT 2000"]
[Source "ChessBase"]
[SourceDate "1999.11.18"]
[SourceVersion "1"]
[SourceVersionDate "1999.11.18"]
[SourceQuality "1"]

1. e4 c5 2. Nf3 d6 3. Nc3 e5 4. Bc4 Be7 5. d3 Nc6 6. Nd5 Nf6 7. Nxe7 Qxe7 8. h3 h6 9. Bd2 a6 10. a4 Be6 11. Bxe6 Qxe6 12. c3 c4 13. Qe2 cxd3 14. Qxd3 d5 15. exd5 Nxd5 16. Qe2 e4 17. Nh2 O-O 18. O-O f5 19. Rae1 Rae8 20. f3 e3 21. c4 Nd4 22. Qd3 Qb6 23. Ba5 Qxa5 24. Qxd4 e2 25. cxd5 exf1=Q+ 26. Rxf1 Re2 27. Rd1 b6 28. Nf1 Qc5 29. Qxc5 bxc5 30. Nd2 Rd8 31. Nc4 Rc2 32. b3 Kf7 33. d6 Ke6 34. Rd3 g5 35. a5 h5 36. Re3+ Kf6 37. Rd3 g4 38. hxg4 hxg4 39. fxg4 fxg4 40. Kh2 Re2 41. Kg3 Re4 42. Rd5 Rd4 43. Rxc5 Rb8 44. Nb6 Rxd6 45. Kxg4 Rg8+ 46. Kf4 Rxg2 47. Rf5+ Kg6 48. Rd5 Re6 49. Kf3 Rb2 50. Rd3 Rb1 51. Kf2 Kf5 0-1

[Event "Toronto op3"]
[Site "Toronto CAN"]
[Date "1992.??.??"]
[Round "3"]
[White "Hartman, Brian"]
[Black "Spraggett, Grant"]
[Result "1-0"]
[WhiteElo "2360"]
[BlackElo "2275"]
[PlyCount "79"]
[GameId "2160767912405276"]
[EventDate "1992.??.??"]
[EventType "swiss"]
[EventRounds "6"]
[EventCountry "CAN"]
[SourceTitle "EXT 1999"]
[Source "ChessBase"]
[SourceDate "1998.11.10"]
[SourceVersion "1"]
[SourceVersionDate "1998.11.10"]
[SourceQuality "1"]

1. e4 c6 2. d4 d5 3. Nc3 dxe4 4. Nxe4 Nf6 5. Nxf6+ gxf6 6. c3 Bf5 7. Nf3 Qc7 8. g3 Nd7 9. Bg2 e6 10. O-O Be4 11. Re1 f5 12. Bf1 Bxf3 13. Qxf3 O-O-O 14. Bg5 Re8 15. Qh5 Be7 16. Bh6 Bf8 17. Bf4 Bd6 18. Bxd6 Qxd6 19. Qxf7 Re7 20. Qh5 Rg8 21. Bc4 Rg6 22. Rad1 Kb8 23. Bf1 Reg7 24. c4 Qf8 25. Bg2 Qf7 26. Rd3 Nb6 27. b3 Nd7 28. a4 Qf8 29. Rde3 Qd6 30. Qh4 Nf8 31. c5 Qc7 32. b4 Rg4 33. Qf6 Rf7 34. Qh8 Qc8 35. b5 Rgg7 36. bxc6 bxc6 37. Rb3+ Kc7 38. Reb1 f4 39. a5 Rd7 40. Rb7+ 1-0

[Event "Toronto op3"]
[Site "Toronto CAN"]
[Date "1992.??.??"]
[Round "4"]
[White "Day, Lawrence"]
[Black "Hartman, Brian"]
[Result "1/2-1/2"]
[WhiteElo "2395"]
[BlackElo "2360"]
[PlyCount "49"]
[GameId "2160767912405284"]
[EventDate "1992.??.??"]
[EventType "swiss"]
[EventRounds "6"]
[EventCountry "CAN"]
[SourceTitle "EXT 1999"]
[Source "ChessBase"]
[SourceDate "1998.11.10"]
[SourceVersion "1"]
[SourceVersionDate "1998.11.10"]
[SourceQuality "1"]

1. e4 e5 2. Nf3 Nc6 3. d4 exd4 4. Nxd4 Nf6 5. Nc3 Bb4 6. Nxc6 bxc6 7. Bd3 d5 8. exd5 cxd5 9. O-O O-O 10. Bg5 c6 11. Qf3 Qd6 12. Bxf6 Qxf6 13. Qxf6 gxf6 14. Ne2 Bd6 15. Rfd1 Rb8 16. Rab1 Be6 17. b3 Rb6 18. Ng3 c5 19. Be2 Bxg3 20. hxg3 d4 21. Rd2 a5 22. a4 Rb4 23. Rbd1 Rc8 24. Bb5 Kg7 25. Kh2 1/2-1/2

[Event "Toronto op3"]
[Site "Toronto CAN"]
[Date "1992.??.??"]
[Round "6"]
[White "Hergott, Deen"]
[Black "Hartman, Brian"]
[Result "1-0"]
[WhiteElo "2410"]
[BlackElo "2360"]
[PlyCount "21"]
[GameId "2160767912405301"]
[EventDate "1992.??.??"]
[EventType "swiss"]
[EventRounds "6"]
[EventCountry "CAN"]
[SourceTitle "EXT 1999"]
[Source "ChessBase"]
[SourceDate "1998.11.10"]
[SourceVersion "1"]
[SourceVersionDate "1998.11.10"]
[SourceQuality "1"]

1. c4 e5 2. Nc3 f5 3. d4 e4 4. g4 Qh4 5. gxf5 d6 6. Nh3 Bxf5 7. Qb3 Nd7 8. Bg5 Qh5 9. Nd5 Bxh3 10. Nxc7+ Kf7 11. Qxh3 1-0

[Event "CAN-CRO m"]
[Site "Toronto CAN"]
[Date "1991.10.31"]
[Round "2"]
[White "Cebalo, Miso"]
[Black "Hartman, Brian"]
[Result "1-0"]
[WhiteElo "2450"]
[BlackElo "2360"]
[PlyCount "95"]
[GameId "2160767739985453"]
[EventDate "1991.10.29"]
[EventType "team-match"]
[EventRounds "2"]
[EventCountry "CAN"]
[SourceTitle "EXT 2022"]
[Source "ChessBase"]
[SourceDate "2021.10.06"]
[SourceVersion "1"]
[SourceVersionDate "2021.10.06"]
[SourceQuality "1"]
[WhiteTeam "Croatia"]
[BlackTeam "Canada"]
[WhiteTeamCountry "CRO"]
[BlackTeamCountry "CAN"]

1. d4 Nf6 2. Nf3 g6 3. c4 c5 4. Nc3 Bg7 5. e4 cxd4 6. Nxd4 O-O 7. Be2 Nc6 8. Be3 d6 9. O-O Re8 10. Nc2 Nd7 11. Qd2 Nc5 12. Bh6 Bh8 13. b4 Ne6 14. Be3 Bd7 15. f4 Rc8 16. Rad1 b6 17. a3 Nf8 18. Kh1 Bg7 19. h3 f5 20. Nd4 Ne6 21. Nxc6 Bxc6 22. exf5 gxf5 23. Rfe1 Kh8 24. Bf1 Qd7 25. Nd5 Nc7 26. Bd4 e5 27. Nxc7 Qxc7 28. Bb2 Rcd8 29. Qe3 Be4 30. Qg3 exf4 31. Bxg7+ Qxg7 32. Qxf4 Qc3 33. Kh2 Rg8 34. Rd2 Rg6 35. Red1 Rdg8 36. Rf2 Qxa3 37. Rxd6 Qg3+ 38. Qxg3 Rxg3 39. Rd7 R3g7 40. Rfd2 Rxd7 41. Rxd7 a5 42. Ra7 Ra8 43. Rxa8+ Bxa8 44. c5 bxc5 45. bxa5 Kg7 46. a6 c4 47. Bxc4 Kf6 48. Be2 {time} 1-0

[Event "Simcoe Day op"]
[Site "Scarborough CAN"]
[Date "1989.08.??"]
[Round "5"]
[White "Hartman, Brian"]
[Black "Livshits, Ron"]
[Result "1-0"]
[WhiteElo "2457"]
[BlackElo "2302"]
[PlyCount "101"]
[GameId "2160767912502517"]
[EventDate "1989.08.??"]
[EventType "swiss"]
[EventRounds "6"]
[EventCountry "CAN"]
[SourceTitle "CFC 1989.10"]

1. e4 c5 2. Nf3 d6 3. d4 cxd4 4. Nxd4 Nf6 5. Nc3 a6 6. Bg5 e6 7. f4 Be7 8. Qf3 Qc7 9. O-O-O Nbd7 10. Bd3 b5 11. Rhe1 Bb7 12. Qh3 h6 13. Bxf6 gxf6 14. Qh5 Nc5 15. f5 b4 16. Nce2 O-O-O 17. Qxf7 Rhf8 18. Qh5 e5 19. Ne6 Nxe6 20. fxe6 f5 21. Ng3 fxe4 22. Bxe4 d5 23. Bg6 Bg5+ 24. Kb1 Rf2 25. Re2 Rxe2 26. Qxe2 e4 27. Nf5 Qe5 28. Nd4 Rf8 29. Bf7 Qxh2 30. e7 Bxe7 31. Bxd5 Bxd5 32. Qxa6+ Bb7 33. Qe6+ Kb8 34. Qxe7 Rc8 35. Qxb4 Qxg2 36. Qd6+ Ka8 37. Qxh6 Qf2 38. Qd2 e3 39. Qa5+ Kb8 40. Qe5+ Ka8 41. c3 Ba6 42. Qd5+ Ka7 43. Qd7+ Ka8 44. Qa4 Kb7 45. Qb4+ Ka8 46. Qa5 Kb7 47. Nc2 Rc7 48. Qb4+ Kc8 49. Qe4 Re7 50. Qxe7 Bd3 51. Qc5+ 1-0

[Event "CAN-ch"]
[Site "Baie-Comeau CAN"]
[Date "1987.06.??"]
[Round "1"]
[White "Hartman, Brian"]
[Black "Jauregui, Carlos"]
[Result "0-1"]
[WhiteElo "2464"]
[BlackElo "2274"]
[PlyCount "120"]
[GameId "2160767912649608"]
[EventDate "1987.06.22"]
[EventType "tourn"]
[EventRounds "9"]
[EventCountry "CAN"]
[SourceTitle "EXT 2002"]
[Source "ChessBase"]
[SourceDate "2001.11.25"]
[SourceVersion "1"]
[SourceVersionDate "2001.11.25"]
[SourceQuality "1"]

1. e4 e5 2. Nf3 Nc6 3. Bb5 d6 4. d4 Bd7 5. O-O exd4 6. Nxd4 g6 7. Nxc6 bxc6 8. Bc4 Bg7 9. f4 Qe7 10. Nc3 Nf6 11. e5 Ng4 12. e6 Bxe6 13. Bxe6 Qxe6 14. Qf3 d5 15. h3 Nh6 16. Be3 O-O 17. Qf2 a5 18. g4 f5 19. g5 Nf7 20. Rae1 Qd7 21. Bd4 Nd6 22. Bxg7 Qxg7 23. Qc5 Qd7 24. Re5 Rfe8 25. Kg2 Rxe5 26. fxe5 Nf7 27. h4 Nxe5 28. Ne2 Qd6 29. Qc3 Re8 30. Nf4 Ng4 31. Re1 Rxe1 32. Qxe1 Qe5 33. Qxe5 Nxe5 34. Ne6 Nc4 35. Kf2 Nxb2 36. Ke3 Kf7 37. Nd8+ Ke7 38. Nxc6+ Kd6 39. Nd8 Nc4+ 40. Kf4 d4 41. h5 Kd5 42. Nf7 gxh5 43. Nh6 Nd6 44. Ng8 Ke6 45. Nf6 h6 46. Nxh5 hxg5+ 47. Kxg5 Ke5 48. Kh4 Ne4 49. Kh3 Nc3 50. Kg3 Nxa2 51. Kf3 Nb4 52. Ke2 Nxc2 53. Kd3 Ne3 54. Ng3 c5 55. Ne2 f4 56. Ng1 c4+ 57. Kd2 Ke4 58. Ne2 a4 59. Nc1 c3+ 60. Ke1 d3 0-1

[Event "CAN-ch"]
[Site "Baie-Comeau CAN"]
[Date "1987.06.??"]
[Round "2"]
[White "Barbeau, Sylvain"]
[Black "Hartman, Brian"]
[Result "0-1"]
[WhiteElo "2330"]
[BlackElo "2340"]
[PlyCount "68"]
[GameId "2160767912649610"]
[EventDate "1987.06.22"]
[EventType "tourn"]
[EventRounds "9"]
[EventCountry "CAN"]
[SourceTitle "EXT 2002"]
[Source "ChessBase"]
[SourceDate "2001.11.25"]
[SourceVersion "1"]
[SourceVersionDate "2001.11.25"]
[SourceQuality "1"]

1. d4 Nf6 2. c4 c5 3. d5 b5 4. cxb5 a6 5. e3 g6 6. Nc3 Bg7 7. Nf3 O-O 8. a4 Bb7 9. Rb1 e6 10. dxe6 fxe6 11. Be2 axb5 12. axb5 Ne4 13. Bd2 Nxd2 14. Qxd2 d5 15. O-O Nd7 16. Rfc1 d4 17. exd4 cxd4 18. Nxd4 Rxf2 19. Nc6 Qb6 20. Kh1 Bxc6 21. bxc6 Qxc6 22. Rg1 Rb8 23. Qe3 Qb6 24. Qxb6 Rxb6 25. Bg4 h5 26. Bh3 Nc5 27. Nd1 Re2 28. b4 Bd4 29. Rf1 Ne4 30. Rc1 e5 31. g3 Nd2 32. Rc2 Rxb4 33. Be6+ Kg7 34. Rf7+ Kh6 0-1

[Event "CAN-ch"]
[Site "Baie-Comeau CAN"]
[Date "1987.06.24"]
[Round "3"]
[White "Hartman, Brian"]
[Black "Huda, Rehan"]
[Result "1/2-1/2"]
[WhiteElo "2464"]
[BlackElo "2303"]
[PlyCount "94"]
[GameId "2160767912649618"]
[EventDate "1987.06.22"]
[EventType "tourn"]
[EventRounds "9"]
[EventCountry "CAN"]

1. e4 c5 2. Nf3 e6 3. d4 cxd4 4. Nxd4 Nf6 5. Nc3 d6 6. Be2 Nc6 7. Be3 Be7 8. O-O O-O 9. f4 Qc7 10. a4 Nxd4 11. Qxd4 e5 12. Qd3 exf4 13. Nb5 Qc6 14. Rxf4 d5 15. e5 Nd7 16. Nc3 Bg5 17. Nxd5 Nxe5 18. Qe4 Ng6 19. Bb5 Qe6 20. Nc7 Qxe4 21. Rxe4 Bxe3+ 22. Rxe3 Rb8 23. Rf1 Bg4 24. h3 Rfc8 25. Rc3 Be6 26. Rff3 a6 27. Be2 Bd7 28. Nd5 Bxa4 29. Nb6 Rxc3 30. Rxc3 Nf4 31. Bg4 Bc6 32. g3 Ne6 33. Bxe6 fxe6 34. Kf2 Rd8 35. Nc4 Kf8 36. Ne5 Rd6 37. Ke3 Ke7 38. Rc5 Kf8 39. c4 Ke7 40. b4 Kf6 41. h4 h5 42. Nd3 g6 43. Rg5 Be8 44. Nc5 Rb6 45. Nd3 Rd6 46. Nc5 Rb6 47. Nd3 Rd6 1/2-1/2

[Event "CAN-ch"]
[Site "Baie-Comeau CAN"]
[Date "1987.06.25"]
[Round "4"]
[White "Glen, Graham"]
[Black "Hartman, Brian"]
[Result "0-1"]
[WhiteElo "2205"]
[BlackElo "2464"]
[PlyCount "78"]
[GameId "2160767912649623"]
[EventDate "1987.06.22"]
[EventType "tourn"]
[EventRounds "9"]
[EventCountry "CAN"]

1. Nf3 Nf6 2. c4 g6 3. g3 Bg7 4. Bg2 O-O 5. O-O c5 6. Nc3 Nc6 7. d4 cxd4 8. Nxd4 Ng4 9. Nxc6 bxc6 10. Qc2 Rb8 11. b3 d6 12. Bxc6 Bf5 13. e4 Bc8 14. Kg2 Ne5 15. Ba4 Bb7 16. f4 Ng4 17. Re1 Qb6 18. Re2 f5 19. Bd7 Kh8 20. Rb1 Nf6 21. Be6 Nxe4 22. Nd5 Nc3 23. Bb2 Nxe2 24. Qxe2 Bxd5+ 25. Bxd5 Rbe8 26. Bxg7+ Kxg7 27. Qb2+ e5 28. Re1 Qd4 29. Qxd4 exd4 30. Rd1 Re2+ 31. Kh3 g5 32. fxg5 f4 33. gxf4 Rxf4 34. Kg3 Rff2 35. Rxd4 Rxh2 36. b4 Rxa2 37. c5 Rad2 38. c6 Rxd4 39. Kxh2 Rxd5 0-1